000 00300nam a22001337a 4500
008 181016b xxu||||| |||| 00| 0 eng d
020 _a9780675060004
041 _aeng
080 _a510
100 _a36
101 _aMAT
245 _aAdvanced Mathematical Concepts
_cYunker,L.E
942 _2udc
_cBK
999 _c49905
_d49905